| 000 | 00584nam a2200217 a 4500 | ||
|---|---|---|---|
| 005 | 20210219152846.0 | ||
| 008 | 991125n 000 0 spa u | ||
| 035 | _aUPN01000063552 | ||
| 100 | 1 | _aAguilar, Luisa Maria | |
| 222 |
_aPUNTO 21 : _bREVISTA DE EDUCACION |
||
| 245 | _aAlgunas precisiones sobre el concepto de curriculum | ||
| 300 | _a16-21 | ||
| 362 | 0 | _a1984 No. 28, nov. | |
| 653 | 0 | _aAPRENDIZAJE | |
| 653 | 0 | _aCURRICULUM | |
| 653 | 0 | _aDISEÑO CURRICULAR | |
| 653 | 0 | _aENSEÑANZA | |
| 653 | 0 | _aPROCESO COGNOSCITIVO | |
| 904 |
_aAC _b001363 |
||
| 905 | _aArticulo | ||
| 999 |
_c62179 _d62179 |
||